Praktická príručka o odpadoch a obaloch : 1. Obsah, úvod. 2. Aktuálne informácie. 3. Prehľad platnej legislatívy. 4. Poradca pri podnikaní. 5. Programy a koncepčné dokumenty

Gespeichert in:
Bibliographische Detailangaben
Format: Schriftenreihe
Tags: Tag hinzufügen
Keine Tags, Fügen Sie das erste Tag hinzu!

MARC

LEADER 00000nas a22000003a 4500
001 stu143727
005 20141123012519.9
008 070801s--------------------------------d
040 |a STU  |b slo 
041 0
245 |a Praktická príručka o odpadoch a obaloch :  |b 1. Obsah, úvod. 2. Aktuálne informácie. 3. Prehľad platnej legislatívy. 4. Poradca pri podnikaní. 5. Programy a koncepčné dokumenty 
773 0 |t Praktická príručka o odpadoch a obaloch :  |w stu_us_cat*stu128850  |x 1336-7048  |7 nnas 
996 |b 284M074466  |c M*11992-1  |d Zväzok 1  |v Zväzok 1  |l MMST  |s P  |a 0  |w stu143727_0001